|
|
|
|
| LEADER |
00891pam a22003018a 4500 |
| 001 |
00027850 |
| 005 |
20171026081022.0 |
| 008 |
111220s2005 ||||||Engsd |
| 020 |
# |
# |
|a 9780194574839
|
| 041 |
0 |
# |
|a Eng
|
| 082 |
1 |
4 |
|a 428
|b IN311E
|
| 100 |
1 |
# |
|a Harding, Keith
|
| 245 |
1 |
0 |
|c Kaith Harding, Liz Taylor
|a International express
|b Intermediate. Student's book
|
| 260 |
# |
# |
|a Oxford
|c 2005
|b Oxford Univ. Press
|
| 300 |
# |
# |
|a 152p.
|b ill.
|c 30cm.
|e 1CD
|
| 650 |
# |
4 |
|a Tiếng Anh
|x Ngữ pháp
|
| 653 |
# |
# |
|a Anh ngữ thực hành
|
| 700 |
1 |
# |
|a Taylor, Liz
|
| 852 |
# |
# |
|b Kho mượn
|j KM.0006373, KM.0016687
|
| 852 |
# |
# |
|b Kho đọc
|j KD.0012867
|
| 852 |
# |
# |
|j KD.0012867
|j KM.0016687
|j KM.0006373
|
| 910 |
0 |
# |
|d 20/12/2011
|
| 980 |
# |
# |
|a Trung tâm Học liệu Lê Vũ Hùng, Trường Đại học Đồng Tháp
|